První kroky učitele /

Hlavní autor: Podlahová, Libuše, 1943-
Jazyk: Čeština
Vydáno: Praha : Triton, 2004
Vydání: Vyd. 1.
Edice: První pomoc pro pedagogy
Témata:
Fyzický popis: 223 s. ; 17 cm
Knihy
Uloženo v:
LEADER 01331nam a2200385 a 4500
001 000731883
003 CZ BrMZK
005 20100629131133.0
007 ta
008 040902s2004 xr erf 000 0 cze d
015 |a cnb001410233 
020 |a 80-7254-474-8  |q (brož.) 
035 |a (OCoLC)85114227 
040 |a BOA001  |b cze 
072 7 |a 371  |x Školství (organizace)  |2 Konspekt  |9 22 
080 |a 37.011.3-051  |2 MRF 
080 |a 37.064.2  |2 MRF 
080 |a 371.12/.16  |2 MRF 
080 |a (035)  |2 MRF 
100 1 |a Podlahová, Libuše,  |d 1943-  |7 ola2002142310  |4 aut 
245 1 0 |a První kroky učitele /  |c Libuše Podlahová 
250 |a Vyd. 1. 
260 |a Praha :  |b Triton,  |c 2004 
300 |a 223 s. ;  |c 17 cm 
490 1 |a První pomoc pro pedagogy ;  |v 1 
504 |a Obsahuje bibliografii a bibliografické odkazy 
650 0 7 |a učitelé  |7 ph126982  |2 czenas 
650 0 7 |a učitel a žák  |7 ph126980  |2 czenas 
650 0 7 |a učitelská profese  |7 ph126981  |2 czenas 
655 7 |a příručky  |7 fd133209  |2 czenas 
830 0 |a První pomoc pro pedagogy  |0 s 
910 |a BOA001  |b 1-1139.523 
990 |a BK 
996 6 |b 2610228010  |c 1-1139.523  |l MZK  |r Sklad / do 1 hodiny  |n 83  |p p.v.  |w 000731883  |u 000010  |a 1  |e BOA001  |j MZK50  |s P 
996 7 |b 2610229008  |c 1-1139.523  |l Vol.výběr  |r VV 0p  |n 96  |p kup  |h 371 POD  |w 000731883  |u 000020  |a 0  |e BOA001  |j MZK50  |s A